000
00277nam a22000977a 4500
008
160502b xxu||||| |||| 00| 0 eng d
100
_a
Scandinavian Collectors Club
245
_a
The Local Posts of Norway
260
_b
Scandinavian Collectors Club
_c
1972
700
_a
Hughmark, Gordon
999
_c
1946
_d
1946